|
|
|
|
| LEADER |
00000nas a2200000 a 4500 |
| 001 |
ssj0001125 |
| 003 |
WaSeSS |
| 005 |
20200512172242.0 |
| 006 |
m d |
| 007 |
cr n |
| 008 |
990303d19761991inuqr p s o 0 a0eng c |
| 010 |
|
|
|a sn 99023368
|
| 022 |
|
|
|a 2326-1536
|y 0148-6179
|
| 035 |
|
|
|a (WaSeSS)ssj0001125
|
| 040 |
|
|
|a EYM
|b eng
|c EYM
|d IUL
|d OCL
|d OCLCQ
|d MUQ
|d OCLCE
|d OCL
|d OCLCQ
|d DLC
|d OCLCQ
|d OCLCA
|d OCLCQ
|d OCLCA
|d OCLCF
|d OCLCO
|d OCLCQ
|d OCLCO
|d OCLCQ
|d DLC
|d GILDS
|d VT2
|d OCLCO
|d OCLCA
|d NJT
|d OCLCA
|d WaSeSS
|
| 042 |
|
|
|a pcc
|a nsdp
|
| 043 |
|
|
|a n-us---
|
| 050 |
1 |
4 |
|a E185.5
|
| 082 |
0 |
0 |
|a 810/.9/896073
|2 23
|
| 130 |
0 |
|
|a Black American literature forum (Online)
|
| 222 |
|
0 |
|a Black American literature forum
|b (Online)
|
| 245 |
1 |
0 |
|a Black American literature forum
|h [electronic resource].
|
| 260 |
|
|
|a Terre Haute, Ind. :
|b School of Education, Indiana State University,
|c 1976-1991.
|
| 310 |
|
|
|a Quarterly
|
| 362 |
1 |
|
|a Print began with vol. 10, no. 4 (winter 1976)-v. 25, no. 4 (winter 1991).
|
| 500 |
|
|
|a Publisher varies: Indiana State University, School of Education, 1976-1985; Indiana State University, 1986-summer 1989; Indiana State University, Dept. of English, fall 1989-1991.
|
| 506 |
|
|
|a License restrictions may limit access.
|
| 550 |
|
|
|a Official publication of the Division on Black American Literature and Culture of the Modern Language Association, 1983-1991.
|
| 588 |
|
|
|a Description based on print version record.
|
| 650 |
|
0 |
|a American literature
|x African American authors
|x History and criticism
|v Periodicals.
|
| 650 |
|
0 |
|a African American arts
|v Periodicals.
|
| 650 |
|
6 |
|a Littérature américaine
|x Auteurs noirs américains
|v Périodiques.
|
| 650 |
|
6 |
|a Arts noirs américains
|v Périodiques.
|
| 650 |
|
7 |
|a African American arts.
|2 fast
|0 (OCoLC)fst00799021
|
| 650 |
|
7 |
|a American literature
|x African American authors.
|2 fast
|0 (OCoLC)fst00807114
|
| 650 |
1 |
7 |
|a Letterkunde.
|2 gtt
|
| 650 |
1 |
7 |
|a Amerikaans.
|2 gtt
|
| 650 |
1 |
7 |
|a Negers.
|2 gtt
|
| 650 |
|
7 |
|a Literatur
|2 gnd
|
| 650 |
|
7 |
|a Zeitschrift
|2 gnd
|
| 651 |
|
7 |
|a USA.
|2 swd
|
| 651 |
|
7 |
|a Schwarze.
|2 swd
|
| 655 |
|
0 |
|a Electronic journals.
|
| 710 |
2 |
|
|a Indiana State University.
|b School of Education.
|
| 710 |
2 |
|
|a Indiana State University.
|b Department of English.
|
| 710 |
2 |
|
|a Indiana State University.
|
| 710 |
2 |
|
|a Modern Language Association of America.
|b Division on Black American Literature and Culture.
|
| 776 |
0 |
8 |
|i Print version:
|t Black American literature forum
|x 0148-6179
|w (DLC) 78642125
|w (OCoLC)2757016
|
| 780 |
0 |
0 |
|t Negro American literature forum (Online)
|x 2325-7164
|w (DLC)sn 99023367
|w (OCoLC)40892614
|
| 785 |
0 |
0 |
|t African American review (Online)
|x 1945-6182
|w (DLC)sn 99023369
|w (OCoLC)40892739
|
| 856 |
4 |
0 |
|z Full text available from Research Library: 01/01/1990 to Winter 1991
|u https://search.proquest.com/publication/25165
|